เปลี่ยนเป็นภาษาไทย

Change to English
 แสดงรายละเอียดบรรณานุกรม
  กลับหน้าหลัก

Brief Record : Get Marc (ISO 2709) : E-mail record : QR code กลับ
หนังสือการแพทย์ E-books หนังสือทั่วไป : เกี่ยวกับ Collections
LEADER 00000nam 2200000uu 4500
001    39259
003     ULIBM
008    020711s2568 th a 000 0 tha d
020    9786164385801
060    WM 402 ท17ก
100    ทวนทน บุญลือ
245    การบริบาลทางเภสัชกรรมในโรคทางจิตเวชที่พบบ่อย/ทวนทน บุญลือ
250    พิมพ์ครั้งที่ 1
260    อุบลราชธานี :^bโรงพิมพ์มหาวิทยาลัยอุบลราชธานี,^c2568
300    275 หน้า ;^c30 ซม.
650    เภสัชบำบัดในจิตเวช
650    การบริบาลทางเภสัชกรรม
650    โรคจิตเวช—การรักษาด้วยยา
650    ยาจิตเวช
650    การใช้ยาอย่างเหมาะสมในผู้ป่วยจิตเวช
650    Psychopharmacology
650    Pharmaceutical Care
650    Mental Disorders—drug therapy
650    Antipsychotic Agents—therapeutic use
650    Psychotropic Drugs—therapeutic use
999    ^aฐานิตา โสภะสุนทร
รายการนี้ยังไม่มีแท็ก
คุณยังไม่ได้ล็อกอิน คุณสามารถมีกิจกรรมร่วมกับเว็บไซต์ได้ แต่ต้องล็อกอินก่อน ::
  ล็อกอิน
ลำดับที่ ประเภท เลขเรียก/บาร์โค้ด สถานที่ สถานะ
1. หนังสือทั่วไป
หนังสือทั่วไป
WM 402 ท17ก 2568 ฉ.1 
  Barcode: 005450
KRPH Library On Shelf
  ขอยืม
2. หนังสือทั่วไป
หนังสือทั่วไป
WM 402 ท17ก 2568 ฉ.2 
  Barcode: 005451
KRPH Library On Shelf
  ขอยืม
   [แสดง 2/2 รายการ]

รายการใกล้เคียง
    หัวเรื่อง [การบริบาลทางเภสัชกรรม]
    หัวเรื่อง [ยาจิตเวช]
    หัวเรื่อง [Psychopharmacology]

BibComment


ยังไม่เคยถูกคอมเมนท์

คอมเมนท์ทรัพยากรรายการนี้
  คอมเมนท์: การบริบาลทางเภสัช..
Bib 39259


 Union Library Management : ULibM
Copyright 2026. All Rights Reserved.